| 000 | 00977nam a2200301 i 4500 | ||
|---|---|---|---|
| 001 | bg | ||
| 100 | 1 |
_aSinger, Isaac Bashevis _d(1904-1991). |
|
| 245 | 1 | 0 |
_aSztukmistrz z Lublina / _cIsaac Bashevis Singer ; przekł. Krystyna Szerer. |
| 246 | 1 |
_iTyt. oryg.: _aKunzenmacher fun Lublin |
|
| 246 | 1 |
_iTyt. tł.: _aMagician of Lublin |
|
| 260 |
_aKraków : _b"Mediasat Poland", _c[2004]. |
||
| 300 |
_a189, [1] s. ; _c22 cm. |
||
| 490 | 1 |
_aKolekcja Gazety Wyborczej : XX wiek ; _v5 |
|
| 500 | _aTyt. tł.: "The Magician of Lublin", tyt. oryg. jidisz: [Der Kunzenmacher fun Lublin]. | ||
| 650 | 9 |
_aPowieść żydowska _y20 w. |
|
| 700 | 1 |
_aSzerer, Krystyna. _eTł. |
|
| 830 | 0 |
_aKolekcja Gazety Wyborczej ; _v5 |
|
| 020 | _a8389651548 | ||
| 020 | _a8497895436 | ||
| 040 | _cBPK | ||
| 041 | 1 |
_apol _hyid |
|
| 044 | _aPOL | ||
| 080 | _a821.112.28-3 | ||
| 920 | _a83-89651-54-8 | ||
| 920 | _a84-9789-543-6 | ||
| 942 | _cKS | ||
| 008 | s pl f |000 0 pol | ||
| 999 |
_c55642 _d55642 |
||
| 856 |
_uhttp://koha.tu.koszalin.pl/cgi-bin/koha/opac-detail.pl?biblionumber=55642 _yKatalog online BPK |
||